ՀՀ Գիտությունների ազգային ակադեմիայի հիմնարար գիտական գրադարան  =   Fundamental Scientific Library of NAS RA

Տեքստիլ նյութագիտություն և ապրանքագիտություն : (Record no. 532809)

MARC details
000 -LEADER
fixed length control field 01202nam a2200241 a 4500
001 - CONTROL NUMBER
control field 2006823
003 - CONTROL NUMBER IDENTIFIER
control field AM-YEHGA
005 - DATE AND TIME OF LATEST TRANSACTION
control field 20250617165003.0
008 - FIXED-LENGTH DATA ELEMENTS--GENERAL INFORMATION
fixed length control field 250130s2024 ai |||| |||||||||0|arm|d
020 ## - INTERNATIONAL STANDARD BOOK NUMBER
International Standard Book Number 9789939792491
040 ## - CATALOGING SOURCE
Original cataloging agency AM-YeHGA
041 0# - LANGUAGE CODE
Language code of text/sound track or separate title arm
090 ## - LOCALLY ASSIGNED LC-TYPE CALL NUMBER (OCLC); LOCAL CALL NUMBER (RLIN)
-- 571759
100 1# - MAIN ENTRY--PERSONAL NAME
Personal name Աթոյան, Արուսյակ Գրիգորի
245 10 - TITLE STATEMENT
Title Տեքստիլ նյութագիտություն և ապրանքագիտություն :
Remainder of title Ուսումնական ձեռնարկ /
Statement of responsibility, etc. Ա.Գ. Աթոյան, Ս.Ա. Կյուրեղյան ; ՀՀ կրթության, գիտության, մշակույթի և սպորտի նախարարություն ; Հայաստանի ազգային պոլիտեխնիկական համալսարան ; Գյումրու մասնաժյուղ.
260 ## - PUBLICATION, DISTRIBUTION, ETC.
Place of publication, distribution, etc. Երևան :
Name of publisher, distributor, etc. Ճարտարագետ,
Date of publication, distribution, etc. 2024.
300 ## - PHYSICAL DESCRIPTION
Extent մաս
505 10 - FORMATTED CONTENTS NOTE
Miscellaneous information Մ. 1 (2024, 88 էջ ։ գծապատկեր, աղյուս․)
650 14 - SUBJECT ADDED ENTRY--TOPICAL TERM
Topical term or geographic name entry element Ապրանքագիտություն
General subdivision Կաշվի նախնական մշակման տեխնոլոգիա
650 14 - SUBJECT ADDED ENTRY--TOPICAL TERM
Topical term or geographic name entry element Տեքստիլ նյութագիտություն
700 1# - ADDED ENTRY--PERSONAL NAME
Personal name Կյուրեղյան, Սամվել Արփիարի
942 ## - ADDED ENTRY ELEMENTS (KOHA)
Source of classification or shelving scheme Universal Decimal Classification
Koha item type Գրքեր / Books
Holdings
Withdrawn status Lost status Source of classification or shelving scheme Damaged status Not for loan Collection Home library Current library Date acquired Serial enumeration / chronology Total checkouts Full call number Barcode Date last seen Price effective from Koha item type Public note
    Universal Decimal Classification     General Fundamental Scientific Library Fundamental Scientific Library 30/01/2025 Մ. 1   AII/112778 FL0686871 30/01/2025 30/01/2025 Գրքեր / Books 30 Days Loan
    Universal Decimal Classification     General Fundamental Scientific Library Fundamental Scientific Library 30/01/2025 Մ. 1   AII/112779 FL0686870 30/01/2025 30/01/2025 Գրքեր / Books 30 Days Loan


ՀՀ ԳԱԱ հիմնարար գիտական գրադարան
ՀՀ,Երևան 0019
Մարշալ Բաղրամյան 24/6
հեռախոս:(374-10) 52-47-50
Հետադարձ կապ

All site content, except where otherwise noted, is licensed under a
Creative Commons License